Torschützen der Bundesliga 2023/24 - Statistiken

Allgemein
  • Dieses Quiz wurde 79 mal gespielt
  • Das Durchschnittsergebnis liegt bei 21 aus 29
Antwortstatistiken
Tore Verein Spieler % Korrekt
36 FC Bayern München Harry Kane
100%
14 Bayer 04 Leverkusen Victor Boniface
97%
11 Bayer 04 Leverkusen Florian Wirtz
96%
24 RB Leipzig Lois Openda
94%
28 VfB Stuttgart Serhou Guirassy
94%
18 VfB Stuttgart Deniz Undav
93%
12 Borussia Dortmund Niclas Füllkrug
93%
15 TSG 1899 Hoffenheim Andrej Kramaric
91%
15 FC Augsburg Ermedin Demirovic
90%
8 FC Bayern München Leroy Sane
84%
12 Werder Bremen Marvin Ducksch
84%
16 TSG 1899 Hoffenheim Maximilian Beier
82%
12 1. FC Heidenheim Tim Kleindienst
81%
8 RB Leipzig Xavi Simons
79%
8 1. FC Heidenheim Jan-Niklas Beste
76%
11 VfL Wolfsburg Jonas Wind
73%
14 RB Leipzig Benjamin Sesko
72%
13 Borussia Dortmund Donyell Malen
72%
10 FC Bayern München Jamal Musiala
72%
10 bayer 04 Leverkusen Alejandro Grimaldo
69%
12 Eintracht Frankfurt Omar Marmoush
66%
8 VfB Stuttgart Chris Führich
63%
9 Bayer Leverkusen Jeremie Frimpong
63%
8 SC Freiburg Vincenzo Grifo
57%
10 1. FC Heidenheim Eren Dinkci
55%
10 Borussia Mönchengladbach Robin Hack
49%
8 1. FSV Mainz 05 Jonathan Burkardt
36%
8 FC Augsburg Philip Tietz
33%
8 SV Darmstadt 98 Tim Skarke
28%
Keine übereinstimmenden Quizze gefunden
Verteilung der Resultate
Anzahl Personen mit jedem Resultat
Perzentil nach korrekt beantworteten Fragen
Ihre Resultats-Entwicklung
Sie haben dieses Quiz noch nicht gespielt